Zmluva o obmedzení strategických útočných zbraní SALT 2
Saved in:
| Format: | Book |
|---|---|
| Language: | Slovak |
| Published: |
Bratislava
Pravda
1980
|
| Series: | Fakty a argumenty
č. 3 |
| Tags: |
No Tags, Be the first to tag this record!
|
MARC
| LEADER | 00000nam a2200000 4500 | ||
|---|---|---|---|
| 001 | c141817 | ||
| 005 | 20041019155323.0 | ||
| 041 | 0 | |a slo | |
| 044 | |a SK | ||
| 245 | 1 | 0 | |a Zmluva o obmedzení strategických útočných zbraní |b SALT 2 |
| 264 | 1 | |a Bratislava |b Pravda |c 1980 | |
| 300 | |a 63 s. | ||
| 490 | 1 | |a Fakty a argumenty |v č. 3 | |
| 830 | 0 | |a Fakty a argumenty |v č. 3 | |